[Event "TCh-RUS"]
[Site "Tomsk RUS"]
[Date "2001.05.17"]
[Round "5"]
[White "Chuprov,D"]
[Black "Ogloblin,N"]
[Result "1/2-1/2"]
[WhiteElo "2473"]
[BlackElo "2472"]

1.e4 c5 2.Nf3 d6 3.d4 cxd4 4.Nxd4 Nf6 5.Nc3 Nc6 6.Bg5 Bd7 7.Qd2 Rc8 8.O-O-O Nxd4
9.Qxd4 Qa5 10.f4 Rxc3 11.bxc3 e5 12.Qb4 Qxb4 13.cxb4 Nxe4 14.Re1 Nxg5 15.fxg5 Be7
16.h4 h6 17.g6 fxg6 18.Bd3 Kf7 19.Rhf1+ Bf6 20.Be4 Be6 21.Rd1 Ke7 22.Rf3 Bxh4
23.Rfd3 Rd8 24.Bxb7 Rb8 25.Bd5 Bxd5 26.Rxd5 Rxb4 27.c3 Rb6 28.Ra5 Rb7 29.Ra6 Rd7
30.Rf1 Bg5+ 31.Kc2 Be3 32.Rc6 Ke6 33.Kd3 Bb6 34.c4 h5 35.Ke4 Bc5 36.Rc8 Rb7
37.Re8+ Re7 38.Rb8 Bb6 39.Rff8 Rf7 40.Rbe8+ Kf6 41.Kd5 Rxf8 42.Rxf8+ Ke7
43.Rh8 Bc5 44.Rh7 Kf7 45.Rh8 Kf6 46.Rh7 Kf5 47.Rxg7 g5 48.Rf7+ Kg4 49.Rf3 h4
50.Ke4 Bd4  1/2-1/2

[Event "IV It"]
[Site "Santo Antonio POR"]
[Date "2001.05.19"]
[Round "1"]
[White "Chandler,M"]
[Black "Fernando,D"]
[Result "1-0"]
[WhiteElo "2529"]
[BlackElo "2404"]

1.e4 c5 2.Nf3 d6 3.d4 cxd4 4.Nxd4 Nf6 5.Nc3 Nc6 6.Bg5 e6 7.Qd2 Be7 8.O-O-O Nxd4
9.Qxd4 a6 10.f4 b5 11.Be2 Bb7 12.Bf3 Rc8 13.Bxf6 Bxf6 14.Qxd6 Qxd6 15.Rxd6 Bxc3
16.bxc3 Rxc3 17.Rhd1 O-O 18.Rd7 Bc6 19.Rc7 b4 20.Rd4 Bb5 21.Rxc3 bxc3 22.a4 Bf1
23.Kd1 Rc8 24.Ke1 Bc4 25.Be2 Bxe2 26.Kxe2 f6 27.Kd3 e5 28.fxe5 fxe5 29.Rd5 Kf7
30.Rxe5 Kf6 31.Ra5 Rc6 32.Kd4 Ke6 33.Re5+ Kd6 34.Rg5 g6 35.Rg3  1-0

[Event "IV It"]
[Site "Santo Antonio POR"]
[Date "2001.05.25"]
[Round "7"]
[White "Chandler,M"]
[Black "Damaso,R"]
[Result "1-0"]
[WhiteElo "2529"]
[BlackElo "2424"]

1.e4 c5 2.Nf3 d6 3.d4 cxd4 4.Nxd4 Nf6 5.Nc3 Nc6 6.Bg5 e6 7.Qd2 a6 8.O-O-O Bd7
9.f3 h6 10.Be3 Nxd4 11.Bxd4 e5 12.Be3 Be6 13.Kb1 Be7 14.g4 Rc8 15.Nd5 Nxd5
16.exd5 Bd7 17.Bd3 Bg5 18.f4 exf4 19.Bxf4 Bxg4 20.Rdg1 Bh5 21.Bxg5 hxg5 22.Rxg5 g6
23.Qf4 Rc7 24.a3 Re7 25.Qa4+ Qd7 26.Qd4 Rf8 27.Rg3 f5 28.Rf1 Re5 29.Re3 Rxe3
30.Qxe3+ Qe7 31.Qg3 Kd8 32.Re1 f4 33.Qg1 Qc7 34.Re4 f3 35.Qg5+  1-0

[Event "Open"]
[Site "Pula CRO"]
[Date "2001.05.26"]
[Round "9"]
[White "Orak,L"]
[Black "Bylino,O"]
[Result "0-1"]
[WhiteElo "2338"]
[BlackElo "2186"]

1.e4 c5 2.Nf3 d6 3.d4 cxd4 4.Nxd4 Nf6 5.Nc3 Nc6 6.Bg5 Bd7 7.Qd2 Nxd4 8.Qxd4 Qa5
9.Bd2 Qc7 10.f3 a6 11.g4 e5 12.Qc4 Qxc4 13.Bxc4 Rc8 14.Bb3 Be6 15.O-O-O Be7
16.Kb1 Nd7 17.h4 Nc5 18.Be3 h5 19.g5 Nxb3 20.cxb3 Rc6 21.f4 exf4 22.Bxf4 O-O
23.Nd5 Bd8 24.Nb4 Rb6 25.Bxd6 Re8 26.e5 Rb5 27.Rhf1 Bb6 28.Nc2 Rd5 29.Rxd5 Bxd5
30.Rf4 Kh7 31.Kc1 Kg6 32.Kd2 Rc8 33.Nb4 Be6 34.Nd3 Bf5 35.Rc4 Rxc4 36.bxc4 Bxd3
37.Kxd3 Bf2 38.b4 Bxh4 39.c5 Kf5 40.a4 Bg3 41.b5 axb5 42.axb5 Bxe5 43.Bxe5 Kxe5
44.Kc4 Ke6 45.Kd4 h4 46.Ke4 h3 47.Kf3 h2 48.Kg2 h1=Q+ 49.Kxh1 Kd5 50.c6 bxc6  0-1

[Event "IV It"]
[Site "Santo Antonio POR"]
[Date "2001.05.26"]
[Round "8"]
[White "Spraggett,K"]
[Black "Chandler,M"]
[Result "1/2-1/2"]
[WhiteElo "2526"]
[BlackElo "2529"]

1.e4 c5 2.Nf3 d6 3.d4 cxd4 4.Nxd4 Nf6 5.Nc3 Nc6 6.Bg5 e6 7.Qd2 a6 8.O-O-O Bd7
9.f3 Rc8 10.Kb1 Be7 11.h4 h6 12.Be3 h5 13.Nxc6 Bxc6 14.Ne2 d5 15.e5 Nd7 16.f4 g6
17.Nd4 Bxh4 18.Bd3 Rg8 19.g4 hxg4 20.Qh2 Rh8 21.Qg2 g3 22.Rh3 Nc5 23.Rdh1 Nxd3
24.cxd3 Kd7 25.Qf3 Rh5 26.Qg4 Be7 27.Rxh5 gxh5 28.Qxh5 Qg8 29.f5 g2 30.Rd1 Bb5
31.Bg1 Qg5 32.Qh3 exf5 33.Nxf5 Rh8 34.Qxh8 Qxf5 35.Kc2 d4 36.Bxd4 Qe6 37.Kb1 Qg4
38.e6+ Qxe6 39.Qh5 Bc6 40.Bg1 Bd5 41.a3 Bf6 42.Rc1 Bg7 43.Bh2 Bh6 44.Rc7+ Ke8
45.Qh4 Bc6 46.Qg3 Bf8 47.Qf2 Be7 48.Qg3 Kf8 49.Bg1 Bd6 50.Rc8+ Qxc8 51.Qxd6+ Ke8
52.Bb6 f6 53.Qxf6 Qg4 54.Qe5+ Kf7 55.Qe1 Qf3 56.Qf2 Qxf2 57.Bxf2 Ke6 58.Kc2 Ke5
59.Be3 Kf5 60.Kd2 Kg4 61.Ke2 Kf5 62.Bd4 Ke6 63.Kf2 Kd6 64.Kg1 Bd5 65.Bh8 Kc5
66.Bg7 Kb5 67.Bh8  1/2-1/2

[Event "FSIM June"]
[Site "Budapest HUN"]
[Date "2001.06.02"]
[Round "1"]
[White "Resika,N"]
[Black "Seres,L"]
[Result "1/2-1/2"]
[WhiteElo "2246"]
[BlackElo "2425"]

1.e4 c5 2.Nf3 Nc6 3.d4 cxd4 4.Nxd4 Nf6 5.Nc3 d6 6.Bg5 e6 7.Qd3 a6 8.O-O-O Bd7
9.f4 b5 10.Nf3 b4 11.Ne2 Qa5 12.Bxf6 gxf6 13.Kb1 Na7 14.Nc1 Nb5 15.Qe3 Be7
16.f5 O-O-O 17.Nb3 Qc7 18.c3 bxc3 19.Rc1 Kb7 20.a4 Na7 21.Rxc3 Qb6 22.Nbd4 Ka8
23.a5 Qxa5 24.Ra3 Qc5 25.Bxa6 e5 26.Nc2 Qxe3 27.Nxe3 d5 28.Nxd5 Bxa3 29.bxa3 Bxf5
30.Nxf6 Rd6 31.Bc4 Bg6 32.Nxe5 Rb8+ 33.Ka1  1/2-1/2

[Event "IHEM"]
[Site "Hamburg GER"]
[Date "2001.06.03"]
[Round "2"]
[White "Breyther,R"]
[Black "Levin,F"]
[Result "1/2-1/2"]
[WhiteElo "2363"]
[BlackElo "2535"]

1.e4 c5 2.Nf3 d6 3.d4 cxd4 4.Nxd4 Nf6 5.Nc3 Nc6 6.Bg5 Qa5 7.Bxf6 gxf6 8.Nb3 Qg5
9.Nd5 Rb8 10.f4 Qg6 11.f5 Qg5 12.Qf3 h5 13.h4 Qg4 14.Qxg4 hxg4 15.g3 Bh6
16.Bb5 Bd7 17.Rd1 a6 18.Be2 Ne5 19.O-O Bc6 20.c3 Bxd5 21.exd5 b5 22.Na5 Kd7
23.Nc6 Rb6 24.Nxe5+ dxe5 25.Rfe1 Rg8  1/2-1/2

[Event "IHEM"]
[Site "Hamburg GER"]
[Date "2001.06.05"]
[Round "4"]
[White "Lanka,Z"]
[Black "Reddmann,H"]
[Result "1-0"]
[WhiteElo "2483"]
[BlackElo "2337"]

1.e4 c5 2.Nf3 Nc6 3.d4 cxd4 4.Nxd4 Nf6 5.Nc3 d6 6.Bg5 a6 7.Qd2 e6 8.O-O-O Be7
9.f3 Bd7 10.h4 h5 11.Kb1 b5 12.Nxc6 Bxc6 13.Ne2 Bb7 14.Nd4 Qb6 15.Bd3 Kf8
16.Nb3 Rc8 17.Rhf1 Ne8 18.Rc1 Bxg5 19.hxg5 g6 20.a3 d5 21.e5 Ke7 22.Qb4+ Kd8
23.c4 dxc4 24.Bxc4 Nc7 25.Rfd1+ Bd5 26.a4 a5 27.Nxa5 Ra8 28.Bxd5 exd5 29.Nc6+ Kc8
30.a5  1-0

[Event "ch-IND"]
[Site "New Delhi IND"]
[Date "2001.06.05"]
[Round "7"]
[White "Ganguly,S"]
[Black "Neelotpal,D"]
[Result "1/2-1/2"]
[WhiteElo "2456"]
[BlackElo "2423"]

1.e4 c5 2.Nf3 d6 3.d4 cxd4 4.Nxd4 Nf6 5.Nc3 Nc6 6.Bg5 e6 7.Qd2 a6 8.O-O-O h6
9.Be3 Be7 10.f4 Nxd4 11.Bxd4 b5 12.Bd3 b4 13.Na4 Rb8 14.b3 Bd7 15.Nb2 O-O
16.Kb1 a5 17.g4 e5 18.fxe5 dxe5 19.Bxe5 Nxg4 20.Bxb8 Qxb8 21.Bc4 Bf6 22.Qxd7 Qe5
23.Qd4 Qxd4 24.Rxd4 Bxd4  1/2-1/2

[Event "2nd IECC"]
[Site "Ohrid MKD"]
[Date "2001.06.06"]
[Round "6"]
[White "Wells,P"]
[Black "Nevednichy,V"]
[Result "1/2-1/2"]
[WhiteElo "2522"]
[BlackElo "2563"]

1.e4 c5 2.Nf3 d6 3.d4 cxd4 4.Nxd4 Nf6 5.Nc3 Nc6 6.Bg5 e6 7.Qd2 a6 8.O-O-O Bd7
9.f4 b5 10.Bxf6 gxf6 11.Kb1 Qb6 12.Nxc6 Bxc6 13.Qe1 Ra7 14.f5 Qc5 15.Qh4 h5
16.e5 fxe5 17.fxe6 fxe6 18.Bd3 Re7 19.Rhf1 Kd7 20.Qh3 Bg7 21.Be4 Kc7 22.Qh4 Rd7
23.Bxc6 Qxc6 24.Ne4 d5 25.Nf6 Rdd8 26.Nxh5  1/2-1/2

[Event "2nd IECC"]
[Site "Ohrid MKD"]
[Date "2001.06.07"]
[Round "7"]
[White "Stojanovski,D"]
[Black "Greenfeld,A"]
[Result "0-1"]
[WhiteElo "2351"]
[BlackElo "2570"]

1.e4 c5 2.Nf3 Nc6 3.d4 cxd4 4.Nxd4 Nf6 5.Nc3 d6 6.Bg5 e6 7.Qd3 Be7 8.O-O-O O-O
9.Qg3 Nxd4 10.Rxd4 Qa5 11.Ra4 Qc5 12.Rc4 Qa5 13.Ra4 Qc7 14.Rc4 Qd8 15.Rd4 Qb6
16.Be3 Qa5 17.Ra4 Qc7 18.Rc4 Qa5 19.Ra4 Qc7 20.Rc4 Qb8 21.Rd4 Rd8 22.Bh6 Ne8
23.Bg5 Bxg5+ 24.Qxg5 Bd7 25.Be2 h6 26.Qe7 Bc6 27.Bh5 g6 28.Bg4 Rd7 29.Qh4 h5
30.Bh3 Qd8 31.Qg3 Qf6 32.Rhd1 Re7 33.f4 e5 34.fxe5 Rxe5 35.Nd5 Qg5+ 36.Qxg5 Rxg5
37.R1d2 Re5 38.Rf2 Bxd5 39.exd5 f5 40.c4 Nf6 41.g3 Rc8 42.Rc2 Kf7 43.b4 b6
44.Kb2 Re1 45.Kb3 Rb1+ 46.Ka4 Nd7 47.Bg2 Nc5+ 48.Ka3 Na6 49.b5 Nc5 50.h3 Re8  0-1

[Event "2nd IECC"]
[Site "Ohrid MKD"]
[Date "2001.06.07"]
[Round "7"]
[White "Ermenkov,E"]
[Black "Chernyshov,K"]
[Result "1/2-1/2"]
[WhiteElo "2478"]
[BlackElo "2536"]

1.e4 c5 2.Nf3 Nc6 3.d4 cxd4 4.Nxd4 Nf6 5.Nc3 d6 6.Bg5 e6 7.Qd2 a6 8.O-O-O h6
9.Be3 Nxd4 10.Bxd4 b5 11.f4 Bb7 12.Qe3 Be7 13.Bxf6 gxf6 14.f5 b4 15.Nb1 Qc7
16.Nd2 Qc5 17.Qxc5 dxc5 18.Bc4 Bc8 19.Rhf1 Rg8 20.g3 Rg4 21.Rde1 Kf8 22.b3 a5
23.Re3 a4 24.Kb1 axb3 25.cxb3 exf5 26.exf5 Rd4 27.Rd3 Bd6 28.Rxd4 cxd4 29.Bd3 Ra5
30.Nc4 Ba6 31.Nb2 Bc8 32.Nc4 Ba6 33.Nb2 Bc8  1/2-1/2

[Event "2nd IECC"]
[Site "Ohrid MKD"]
[Date "2001.06.07"]
[Round "7"]
[White "Sutovsky,E"]
[Black "Blehm,P"]
[Result "1-0"]
[WhiteElo "2604"]
[BlackElo "2530"]

1.e4 c5 2.Nf3 d6 3.d4 cxd4 4.Nxd4 Nf6 5.Nc3 Nc6 6.Bg5 e6 7.Qd2 a6 8.O-O-O Bd7
9.f4 b5 10.Nxc6 Bxc6 11.Bd3 Be7 12.e5 dxe5 13.fxe5 Nd7 14.Bxe7 Qxe7 15.Be4 Bxe4
16.Nxe4 Nxe5 17.Qc3 f6 18.Nd6+ Kf8 19.Rd4 g6 20.Nc8 Qf7 21.Nd6 Qe7 22.Nc8 Qf7
23.Rd8+ Kg7 24.Rhd1 Rxd8 25.Rxd8 a5 26.Qc5 Ra6 27.Ne7 h5 28.Rc8 Nd7 29.Qxb5 Rd6
30.Nc6 e5 31.b3 Qe6 32.Nd8 Qg4 33.Qc4 e4 34.Qf7+ Kh6 35.Kb2 Qd1 36.Ne6 Rxe6
37.Qxe6 Qd4+ 38.Kb1 e3 39.h4 f5 40.c3 Qd1+ 41.Kb2 Qd2+ 42.Ka3 Qc1+ 43.Ka4 Nb6+
44.Qxb6 e2 45.Rh8+ Kg7 46.Qd4+  1-0

[Event "It"]
[Site "Bibinje CRO"]
[Date "2001.06.08"]
[Round "7"]
[White "Sax,G"]
[Black "Biliskov,V"]
[Result "1-0"]
[WhiteElo "2563"]
[BlackElo "2321"]

1.e4 c5 2.Nf3 d6 3.d4 cxd4 4.Nxd4 Nf6 5.Nc3 Nc6 6.Bg5 e6 7.Qd2 a6 8.O-O-O h6
9.Be3 Be7 10.f4 Bd7 11.Bd3 b5 12.h3 Nxd4 13.Bxd4 Bc6 14.Rde1 b4 15.Nd1 Qa5
16.Kb1 e5 17.Bf2 exf4 18.Qxf4 O-O 19.Bd4 Bd7 20.Ne3 Be6 21.b3 Qc7 22.Nd5 Bxd5
23.exd5 Rfe8 24.Rhf1 Bd8 25.Rxe8+ Nxe8 26.Qe4 Kf8 27.Qh7 f6 28.Bg6  1-0

[Event "2nd IECC"]
[Site "Ohrid MKD"]
[Date "2001.06.09"]
[Round "8"]
[White "Kristjansson,S"]
[Black "Acs,P"]
[Result "0-1"]
[WhiteElo "2371"]
[BlackElo "2509"]

1.e4 c5 2.Nf3 d6 3.d4 cxd4 4.Nxd4 Nf6 5.Nc3 Nc6 6.Bg5 e6 7.Qd2 a6 8.O-O-O Bd7
9.f4 b5 10.Qe1 Nxd4 11.Rxd4 Qb6 12.Qd2 Bc6 13.Bxf6 gxf6 14.Kb1 Rb8 15.Be2 Qc5
16.Rf1 a5 17.g3 Be7 18.f5 h5 19.Bf3 b4 20.Nd1 e5 21.Rd3 Bf8 22.Ne3 Bh6 23.Rd1 Ke7
24.Qe2 Bxe3 25.Qxe3 Qxe3 26.Rxe3 h4 27.g4 Rb5 28.b3 Rc5 29.Kb2 Rc8 30.Red3 Bb5
31.R3d2 a4 32.Be2 a3+ 33.Kc1 Bxe2 34.Rxe2 Rc3 35.Rf1 R8c5 36.Rg1 Rf3 37.Kd1 d5
38.exd5 Rxd5+ 39.Kc1 Rd4 40.Rd1 Rxg4 41.Red2 Rxf5 42.Rd7+ Kf8 43.Rd8+ Kg7
44.Rb8 Rf2  0-1

[Event "FSIM June"]
[Site "Budapest HUN"]
[Date "2001.06.10"]
[Round "9"]
[White "Wang Shuai"]
[Black "Castaneda,N"]
[Result "1-0"]
[WhiteElo "2156"]
[BlackElo "2341"]

1.e4 c5 2.Nf3 Nc6 3.d4 cxd4 4.Nxd4 Nf6 5.Nc3 d6 6.Bg5 e6 7.Qd2 a6 8.O-O-O h6
9.Nxc6 bxc6 10.Bf4 d5 11.Qe3 Qa5 12.Be2 Bb7 13.Kb1 Rc8 14.Qg3 Nd7 15.Rhe1 g5
16.Be5 Rg8 17.Bh5 Nxe5 18.Qxe5 Ke7 19.exd5 cxd5 20.Ne4 Qc7 21.Qf6+ Ke8 22.Qxe6+ Kd8
23.Qe8+  1-0

[Event "2nd IECC"]
[Site "Ohrid MKD"]
[Date "2001.06.10"]
[Round "9"]
[White "Acs,P"]
[Black "Kozul,Z"]
[Result "0-1"]
[WhiteElo "2509"]
[BlackElo "2595"]

1.e4 c5 2.Nf3 d6 3.d4 cxd4 4.Nxd4 Nf6 5.Nc3 Nc6 6.Bg5 e6 7.Qd2 a6 8.O-O-O Bd7
9.f4 b5 10.Bxf6 gxf6 11.Nxc6 Bxc6 12.Qe1 h5 13.Kb1 Bh6 14.g3 b4 15.Nd5 a5
16.Bg2 O-O 17.Ne3 Qb6 18.Rxd6 Rad8 19.Rxd8 Rxd8 20.Qe2 Qc5 21.Rc1 Bb5 22.Qe1 a4
23.c4 bxc3 24.Rxc3 Qd4 25.Kc1 Bf8 26.Nc2 Qb6 27.Qe3 Qd6 28.Bf3 e5 29.Na3 Ba6
30.Nc4 Qd4 31.b3 Bh6 32.Qxd4 Rxd4 33.Ne3 Rd8 34.Nf5 Bf8 35.bxa4 Bb4 36.Rc6 Bd3
37.Kb2 Rb8 38.Bd1 Bxe4 39.Nh6+ Kg7 40.Rc4 Bd3 41.Rc6 Kxh6 42.fxe5 Bg6 43.exf6 Rd8
44.Bc2 Rd2 45.Kb3 Bxc2+ 46.Kxb4 Rxh2 47.a5 Be4 48.Rc4 Bd3 49.Rd4 Bf1 50.a3 Rb2+
51.Kc3 Rg2  0-1

[Event "2nd IECC"]
[Site "Ohrid MKD"]
[Date "2001.06.11"]
[Round "10"]
[White "Nataf,IA"]
[Black "Miton,K"]
[Result "1-0"]
[WhiteElo "2552"]
[BlackElo "2497"]

1.e4 c5 2.Nf3 Nc6 3.d4 cxd4 4.Nxd4 Nf6 5.Nc3 d6 6.Bg5 e6 7.Qd2 a6 8.O-O-O Bd7
9.f4 b5 10.Bxf6 gxf6 11.Nxc6 Bxc6 12.Qe3 Qe7 13.Bd3 Qa7 14.Qe1 Be7 15.Kb1 b4
16.Ne2 Qc5 17.Nc1 a5 18.Nb3 Qa7 19.Bc4 a4 20.Nd4 Bd7 21.Qe2 Qc5 22.Rhe1 Rc8
23.b3 h5 24.Rd3 Kf8 25.f5 Qe5 26.Nf3 Qc5 27.Red1 a3 28.Qd2 Bc6 29.fxe6 Bxe4
30.exf7 Bxd3 31.Qxd3 f5 32.Nd4 Qe5 33.Be6 Rc5 34.Qa6 Kg7 35.Nxf5+ Kh7 36.Nd4 Bf6
37.Qd3+ Kg7 38.Qf3 Rd8 39.c4 bxc3 40.Kc2 Kf8 41.b4 Rc7 42.Bd5 Re7 43.Nc6 Qe2+
44.Qxe2 Rxe2+ 45.Kd3 Re5 46.Nxe5 Bxe5 47.b5 Rb8 48.Rb1 Rc8 49.b6 c2 50.Rc1 Rc5
51.Ke4 Rb5 52.Rxc2 Rb4+ 53.Kf3  1-0

[Event "White Nights"]
[Site "St Petersburg RUS"]
[Date "2001.06.11"]
[Round "3"]
[White "Sambuev,B"]
[Black "Loginov,Va"]
[Result "1-0"]
[WhiteElo "2391"]
[BlackElo "2499"]

1.e4 c5 2.Nf3 d6 3.d4 cxd4 4.Nxd4 Nf6 5.Nc3 Nc6 6.Bg5 e6 7.Qd2 a6 8.O-O-O Qb6
9.Nb3 Bd7 10.f4 Rc8 11.Bxf6 gxf6 12.Be2 h5 13.h4 Ne5 14.Kb1 Nc4 15.Bxc4 Rxc4
16.Qe2 Rc8 17.f5 a5 18.fxe6 fxe6 19.Qd3 Rg8 20.e5 f5 21.exd6 Kf7 22.Rhf1 Rg4
23.Ne4 Bg7 24.Ng5+ Kg6 25.Nxe6 Bxe6 26.d7 Rd8 27.Qd6 Qxd6 28.Rxd6 Kf7 29.Nc5 Rg6
30.Rfd1 Bf8 31.Nxb7 Bxd6 32.Nxd8+ Ke7 33.Nc6+ Kxd7 34.Ne5+ Kc7 35.Nxg6 Bf7
36.Nh8 Be8 37.Rd5 f4 38.Rf5 Kd7 39.Nf7 Bc7 40.Ng5 Ke7 41.Rc5 Bb6 42.Rc4 Be3
43.Nh3  1-0

[Event "2nd IECC"]
[Site "Ohrid MKD"]
[Date "2001.06.13"]
[Round "12"]
[White "Nedev,T"]
[Black "Thorfinnsson,Br"]
[Result "1-0"]
[WhiteElo "2514"]
[BlackElo "2292"]

1.e4 c5 2.Nf3 d6 3.d4 cxd4 4.Nxd4 Nf6 5.Nc3 Nc6 6.Bg5 e6 7.Qd2 a6 8.O-O-O h6
9.Be3 Qc7 10.f3 Rb8 11.Kb1 Bd7 12.g4 Ne5 13.h4 b5 14.Bd3 g6 15.g5 hxg5 16.hxg5 Rxh1
17.Rxh1 Nh5 18.Rd1 b4 19.Nce2 a5 20.b3 a4 21.f4 Nxd3 22.cxd3 e5 23.Rc1 Qa5
24.fxe5 dxe5 25.Nc6 Bxc6 26.Rxc6 axb3 27.axb3 Ra8 28.Qb2 Bg7 29.Nc1 Kf8 30.Bb6 Qb5
31.Qc2 Kg8 32.Qc4 Qa6 33.Be3 Qa1+ 34.Kc2 Nf4 35.Rc8+ Rxc8 36.Qxc8+ Kh7 37.Qc4 Ne6
38.Qxb4 Nd4+ 39.Bxd4 exd4 40.Qc4 Kg8 41.b4 Be5 42.b5 Bf4 43.Na2 Bxg5 44.b6 Bf4
45.b7 g5 46.Nb4 Qc1+ 47.Kb3 Qb1+ 48.Ka4 Qa1+ 49.Kb5 Qa7 50.Qc8+ Kh7 51.Qa8 Qb8
52.Nc6  1-0

[Event "2nd IECC"]
[Site "Ohrid MKD"]
[Date "2001.06.13"]
[Round "12"]
[White "Nataf,IA"]
[Black "Cao,S"]
[Result "1-0"]
[WhiteElo "2552"]
[BlackElo "2488"]

1.e4 c5 2.Nf3 Nc6 3.d4 cxd4 4.Nxd4 Nf6 5.Nc3 d6 6.Bg5 e6 7.Qd2 a6 8.O-O-O h6
9.Nxc6 bxc6 10.Bf4 d5 11.Qe3 Be7 12.Be2 Nd7 13.h4 Qa5 14.Qg3 Ra7 15.Qxg7 Bf6
16.Qg3 d4 17.e5 dxc3 18.exf6 Qb4 19.bxc3 Qa3+ 20.Kd2 Nxf6 21.Qg7 Ne4+ 22.Ke1 Qxc3+
23.Qxc3 Nxc3 24.Be5 Nxe2 25.Bxh8 Nf4 26.Be5 Nd5 27.c4 Ne7 28.Bf6 c5 29.Rh3 Rb7
30.Rhd3 Bd7 31.Rb3 Rb4 32.Rd6 a5 33.Rbd3 Rb1+ 34.Kd2 Ng8 35.Bc3 Rb7 36.Bxa5 f5
37.Bb6 Nf6 38.f3 Nh5 39.Ra3 Nf4 40.Ra8+ Kf7 41.a4 Ng6 42.a5 Ne5 43.Kc3 Nc6
44.Bxc5  1-0

[Event "Homenaje a la Bandera"]
[Site "Rosario ARG"]
[Date "2001.06.17"]
[Round "3"]
[White "Playa,M"]
[Black "Zarnicki,P"]
[Result "1/2-1/2"]
[WhiteElo "2385"]
[BlackElo "2487"]

1.e4 c5 2.Nf3 Nc6 3.d4 cxd4 4.Nxd4 Nf6 5.Nc3 d6 6.Bg5 e6 7.Qd2 Be7 8.O-O-O O-O
9.h4 h6 10.Be3 Ng4 11.g3 Nxe3 12.Qxe3 Qb6 13.Bc4 a6 14.Rhe1 Bd7 15.f4 Qc5
16.Bb3 b5 17.f5 Nxd4 18.Qxd4 Rad8 19.fxe6 Bxe6 20.Nd5 Bxd5 21.Qxc5 dxc5 22.Bxd5 g6
23.c4 b4 24.Kc2 Kg7 25.a3 bxa3 26.bxa3 Bd6 27.e5 Bc7 28.Rd3 Rfe8 29.Rde3 h5
30.e6 fxe6 31.Bxe6 Kh6 32.Bd5 Rxe3 33.Rxe3 a5 34.Kd3 Rb8 35.Ke2 a4  1/2-1/2

[Event "Hotel Lippa IM"]
[Site "Szentgotthard HUN"]
[Date "2001.06.17"]
[Round "5"]
[White "Meszaros,T"]
[Black "Zufic,M"]
[Result "1/2-1/2"]
[WhiteElo "2268"]
[BlackElo "2274"]

1.e4 c5 2.Nf3 Nc6 3.d4 cxd4 4.Nxd4 Nf6 5.Nc3 d6 6.Bg5 e6 7.Qd2 a6 8.O-O-O h6
9.Bh4 Be7 10.f3 Nxd4 11.Qxd4 b5 12.g4 Qa5 13.e5 dxe5 14.Qxe5 Bb7 15.Be2 Rc8
16.Rhf1 Qc7 17.Qxc7 Rxc7 18.a4 b4 19.Bxf6 Bxf6 20.Ne4 Bxe4 21.fxe4 Rc6 22.Rf3 Ke7
23.Rdf1 Rhc8 24.Bd3 Rf8 25.Kb1 Be5 26.h4 f6 27.Rh3 a5 28.Ka2 Rd6 29.Kb3 Rc6
30.Ka2 h5 31.Rg1 hxg4 32.Rxg4 Kf7 33.h5 Rh8 34.Rg2 Rc5 35.Kb1 Bf4 36.Be2 Re5
37.Bf3 Rd8 38.Rh1 Bg5 39.Rgg1 Rc5 40.Rd1 Rcc8 41.Rxd8 Rxd8 42.Rd1 Rxd1+ 43.Bxd1 Bd2
44.Ka2 Ke7 45.Kb3 Kd6 46.Kc4 Kc6 47.Bg4 f5 48.exf5 exf5 49.Bxf5 Bc1 50.Kb3 Kc5
51.c3 bxc3 52.bxc3 Bg5 53.Kc2 Bf6 54.Kd3 Be5 55.Bd7 Bf6 56.c4 Ba1 57.Bb5 Bf6
58.Ke4 Ba1 59.Kf5 Bb2 60.Kg6  1/2-1/2

[Event "TCh-Europe Boys U18"]
[Site "Balatonlelle HUN"]
[Date "2001.06.23"]
[Round "2"]
[White "Kanovsky,D"]
[Black "Raceanu,V"]
[Result "1/2-1/2"]
[WhiteElo "2260"]
[BlackElo "2366"]

1.e4 c5 2.Nf3 Nc6 3.d4 cxd4 4.Nxd4 Nf6 5.Nc3 d6 6.Bg5 e6 7.Qd2 Be7 8.O-O-O Nxd4
9.Qxd4 O-O 10.f4 Qa5 11.Bc4 Bd7 12.Kb1 Bc6 13.Rhe1 Rfd8 14.Nd5 exd5 15.exd5 Re8
16.dxc6 bxc6 17.Rxe7 Rxe7 18.Bxf6 gxf6 19.Qxf6 Qh5 20.Qxd6 Rae8 21.b3 Qxd1+
22.Qxd1 Re1 23.Kc1 Kg7 24.Kd2 Rxd1+ 25.Kxd1 Kf6 26.Kd2 h5 27.Be2 h4 28.Ke1 Kf5
29.g3 Re3 30.Kf2 Rc3 31.Bd3+ Kg4 32.Ke3 hxg3 33.hxg3 Kxg3 34.Ke4 Rc5 35.b4 Rh5
36.f5 Rh4+ 37.Ke5 Rxb4 38.Kf6 Rb7 39.Bc4 Kf4 40.Bxf7 Rxf7+ 41.Kxf7 Kxf5 42.Ke7 Ke5
43.Kd7 Kd5 44.Kc7 Kc5 45.a4 a5 46.c3 Kc4  1/2-1/2

[Event "TCh-Europe Boys U18"]
[Site "Balatonlelle HUN"]
[Date "2001.06.24"]
[Round "3"]
[White "Efimenko,Z"]
[Black "Lupulescu,C"]
[Result "1/2-1/2"]
[WhiteElo "2439"]
[BlackElo "2371"]

1.e4 c5 2.Nf3 d6 3.d4 cxd4 4.Nxd4 Nf6 5.Nc3 Nc6 6.Bg5 e6 7.Qd2 a6 8.O-O-O Bd7
9.f4 b5 10.Bxf6 gxf6 11.Kb1 Qb6 12.Nxc6 Bxc6 13.Qe1 Ra7 14.Bd3 Qc5 15.Qh4 Be7
16.f5 a5 17.e5 fxe5 18.Qh5 a4 19.fxe6 a3 20.Bxb5 Qb4 21.Bxc6+ Kd8 22.Kc1 Qf4+
23.Kb1 Qb4 24.Na4 Rxa4 25.Qxe5 Kc7 26.Qxh8 f6 27.b3 Qc3 28.Kc1 Qe3+ 29.Rd2 Rd4
30.Rd1 Rxd2 31.Rxd2 Qe1+ 32.Rd1 Qe3+ 33.Rd2 Qe1+ 34.Rd1  1/2-1/2

[Event "Polish Supercup"]
[Site "Warsaw POL"]
[Date "2001.06.24"]
[Round "2"]
[White "Dworakowska,J"]
[Black "Jakubowski,K"]
[Result "1-0"]
[WhiteElo "2360"]
[BlackElo "2357"]

1.e4 c5 2.Nf3 d6 3.d4 cxd4 4.Nxd4 Nf6 5.Nc3 Nc6 6.Bg5 e6 7.Qd2 a6 8.O-O-O h6
9.Be3 Be7 10.f3 Qc7 11.Kb1 Nxd4 12.Bxd4 e5 13.Bf2 Be6 14.Bh4 g5 15.Bf2 O-O-O
16.Nd5 Nxd5 17.exd5 Bf5 18.Bd3 Bg6 19.Bxg6 fxg6 20.Qd3 Rdg8 21.Rhe1 Kd7 22.Re4 Ke8
23.Qb3 Rg7 24.Rd3 Bd8 25.Rc3 Qd7 26.Rec4 Re7 27.Rc8 Kf7 28.Rb8 Rhe8 29.Rcc8 b5
30.Rc6 e4 31.fxe4 Rxe4 32.a3 a5 33.Qxb5 Qg4 34.Bg3 a4 35.Ka2 Qd1 36.Rb7+ Kg8
37.Rc8 Rf8 38.Rbb8 Ree8 39.Qxa4 Qxd5+ 40.Qb3 Qxb3+ 41.Kxb3 Bc7 42.Rxe8 Bxb8
43.Rxf8+ Kxf8 44.Kc4 Ke7 45.Kd5  1-0

[Event "TCh-Europe Boys U18"]
[Site "Balatonlelle HUN"]
[Date "2001.06.25"]
[Round "4"]
[White "Pinter,G"]
[Black "Raceanu,V"]
[Result "1/2-1/2"]
[WhiteElo "2403"]
[BlackElo "2366"]

1.e4 c5 2.Nf3 Nc6 3.d4 cxd4 4.Nxd4 Nf6 5.Nc3 d6 6.Bg5 e6 7.Qd2 Be7 8.O-O-O Nxd4
9.Qxd4 O-O 10.f4 h6 11.Bh4 Qa5 12.Bc4 e5 13.fxe5 dxe5 14.Qd3 Bg4 15.Bxf6 Bxf6
16.Rdf1 Bh4 17.Kb1 Qc5 18.g3 Bg5 19.h3 Be6 20.Nd5 Rad8 21.h4 Be7 22.Qe2 Rd7
23.g4 b5 24.Bb3 a5 25.g5 a4 26.Nf6+ gxf6 27.gxf6 Bxf6 28.Rxf6 axb3 29.Qg2+ Kh7
30.Rxh6+ Kxh6 31.Qg5+ Kh7 32.Qh5+ Kg7 33.Qg5+ Kh7  1/2-1/2

[Event "12th Open"]
[Site "Ljubljana SLO"]
[Date "2001.06.25"]
[Round "3"]
[White "Zelcic,R"]
[Black "Ravnik,F"]
[Result "1-0"]
[WhiteElo "2503"]
[BlackElo "2048"]

1.e4 c5 2.Nf3 Nc6 3.d4 cxd4 4.Nxd4 Nf6 5.Nc3 d6 6.Bg5 e6 7.Qd2 Bd7 8.Ndb5 Qa5
9.Bxf6 gxf6 10.Nxd6+ Bxd6 11.Qxd6 O-O-O 12.Qd2 Nb4 13.Bd3 Bb5 14.Nxb5 Nxd3+
15.cxd3 Qxb5 16.Rc1+ Kb8 17.Rc3 Rd6 18.O-O h5 19.Rfc1 Rhd8 20.h4 a6 21.Rb3 Qd7
22.Qh6 Rxd3 23.Rxd3 Qxd3 24.Qxf6 Rd7 25.Qe5+ Ka7 26.Qc5+ Ka8 27.Qc2 Qd2 28.a3 Rd8
29.Qxd2 Rxd2 30.Rc7 Rxb2 31.Rxf7 Re2 32.f3 Ra2 33.g4 hxg4 34.fxg4 Rxa3 35.Kg2  1-0

[Event "12th Open"]
[Site "Ljubljana SLO"]
[Date "2001.06.25"]
[Round "3"]
[White "Gruskovnjak,T"]
[Black "Kutuzovic,B"]
[Result "0-1"]
[WhiteElo "2290"]
[BlackElo "2414"]

1.e4 c5 2.Nf3 d6 3.d4 cxd4 4.Nxd4 Nf6 5.Nc3 Nc6 6.Bg5 e6 7.Qd2 a6 8.O-O-O Bd7
9.f3 h6 10.Be3 b5 11.Nxc6 Bxc6 12.Kb1 Qc7 13.Bf4 b4 14.Ne2 e5 15.Bg3 Rb8
16.Nc1 a5 17.Bd3 Be7 18.Qe2 O-O 19.Bh4 Nh5 20.Bxe7 Qxe7 21.Bc4 Nf4 22.Qd2 Rfd8
23.Bd5 Bxd5 24.exd5 Rb5 25.g3 Nxd5 26.Qd3 Qb7 27.Ka1 a4 28.Ne2 a3 29.b3 Qc6
30.Rd2 Nf6 31.Rhd1 Rc5 32.Re1 Rd5 33.Qe3 Rc8 34.Kb1 Rxd2 35.Qxd2 Nd5 36.Rd1 Ne3
37.c4 Nxd1 38.Qxd1 Qxf3  0-1

[Event "12th Open"]
[Site "Ljubljana SLO"]
[Date "2001.06.27"]
[Round "5"]
[White "Gruskovnjak,T"]
[Black "Kaspret,G"]
[Result "1/2-1/2"]
[WhiteElo "2290"]
[BlackElo "2318"]

1.e4 c5 2.Nf3 Nc6 3.d4 cxd4 4.Nxd4 Nf6 5.Nc3 d6 6.Bg5 Bd7 7.Be2 Qa5 8.Bxf6 gxf6
9.O-O Qg5 10.Nd5 Bh3 11.Bf3 Rg8 12.Ne3 Ne5 13.Kh1 Bd7 14.Bh5 Nc4 15.Qe2 Nxe3
16.fxe3 Qe5 17.a4 a6 18.b4 Bh6 19.b5 a5 20.Rab1 Rc8 21.Bf3 e6 22.Qd2 b6 23.Nc6 Bxc6
24.bxc6 Qc5 25.Rb5 Qxc6 26.Qd4 e5 27.Qxb6 Qxb6 28.Rxb6 Bxe3 29.Rxd6 Ke7 30.Rd5 Rxc2
31.Rxa5 Rgc8 32.Rb5 Rc1 33.Rb1 Rxf1+ 34.Rxf1 Rc4 35.a5 Ra4 36.g3 Rxa5 37.Bg4 Ra2
38.Re1 Bd4 39.Re2 Rxe2 40.Bxe2 f5 41.exf5 f6 42.Bd3 Kf8 43.Kg2 Be3 44.Kf3 Bc1
45.h4 h6 46.Ke4  1/2-1/2

[Event "TCh-Europe Girls U18"]
[Site "Balatonlelle HUN"]
[Date "2001.06.29"]
[Round "7"]
[White "Dimitrijevic,A"]
[Black "Dembo,Y"]
[Result "0-1"]
[WhiteElo "2152"]
[BlackElo "2341"]

1.e4 c5 2.Nf3 Nc6 3.d4 cxd4 4.Nxd4 Nf6 5.Nc3 d6 6.Bg5 e6 7.Bb5 Qb6 8.Nxc6 bxc6
9.Ba4 Be7 10.O-O Qc7 11.Qf3 Bb7 12.Qg3 O-O 13.Bh6 Ne8 14.Rad1 Kh8 15.Bf4 e5
16.Be3 Nf6 17.Rfe1 a6 18.Bb3 Rad8 19.f4 exf4 20.Qxf4 Nd7 21.Qf2 Bf6 22.Ne2 c5
23.c3 Ne5 24.Qf4 Ng6 25.Qg4 Ne5 26.Qf4 h6 27.Qf5 Bc8 28.Qf1 Ng4 29.Nf4 Nxe3
30.Rxe3 Bg5 31.Rf3 Qe7 32.Bxf7 Qxf7 33.Ng6+ Qxg6 34.Rxf8+ Kh7 35.Rxd8 Bxd8
36.Qf8 Bh3 37.Rd2 Qxe4 38.Kf1 Bh4  0-1